000 00610nam1a22002051i 4500
001 rc\4281453
005 20240724140702.0
035 _a(NLR Aleph) 008246305
090 _a8307968
_c8307968
100 _a20130416d1960 |||y0rusy50 ca
101 0 _arus
102 _aRU
105 _ay z |||||
200 1 _aБиблиотечка садовода
_e[1-14]
210 _aГрозный
_cЧечено-Ингуш. кн. изд-во
_d1960
215 _a14 книг в обертке с загл. серии
_d20
801 0 _aRU
_bNLR
_gpsbo
801 1 _aRU
_bELAR
_2rusmarc
852 _aNLR
_j60-4/12269
942 _cBOOK